| 000 | 00879nam0a22002651 4500 | ||
|---|---|---|---|
| 001 | rc\433520 | ||
| 005 | 20260406095809.0 | ||
| 010 |
_a5-217-00094-5 _93460 |
||
| 035 | _a(NLR Aleph) 005680098 | ||
| 090 |
_a7065657 _c7065657 |
||
| 100 | _a20030616d1988 u y0rusy50 ca | ||
| 101 | 0 | _arus | |
| 102 | _aRU | ||
| 105 | _aa ||||||||| | ||
| 200 | 1 | _aСистемы охлаждения силовых установок тепловозов | |
| 210 |
_aМ. _cМашиностроение _d1988 |
||
| 215 |
_a279, [1] с. _cил. _d22 |
||
| 320 | _aБиблиогр.: с. 278-279 (52 назв.) | ||
| 700 | 1 |
_7ca _8rus _aКуликов _bЮ. А. _cд-р техн. наук _f1933-2020 _gЮрий Андреевич _3RU\NLR\AUTH\770288225 _92691567 |
|
| 801 | 0 |
_aRU _bNLR _gpsbo |
|
| 801 | 1 |
_aRU _bELAR _2rusmarc |
|
| 852 |
_aNLR _j88-5/2257 |
||
| 942 | _cBOOK | ||
| 980 | _aNB | ||